000 00784nam a2200241 a 4500
008
020 _a1874784272 (pbk.)
049 _aMAIN
090 _aHF5657.4
100 1 _aBromwich, Michael.
245 1 0 _aManagement accounting :
_bpathways to progress /
_cMichael Bromwich and ALnoor Bhimani.
260 _aLondon :
_bChartered Institute of Management Accountants,
_c1994.
300 _ax, 281 p. :
_bill. ;
_c21 cm.
504 _aIncludes bibliographical references.
650 0 _aManagerial accounting.
700 1 _aBhimani, A.
710 2 _aChartered Institute of Management Accountants.
907 _a.b10147755
_b10-02-05
_c24-01-05
003
005 20230123133912.0
040 _cNUST
942 _cBOOKS
_kHF5657.4
999 _c156601
_d156601